Egy divatos tudós: Claude Levi-Strauss

Elmentve itt :
Bibliográfiai részletek
Szerző: Csehi Gyula
Adatforrás:Philobibl
Forrásdokumentuma:Korunk, 1967/7
999-1003. p.
Dokumentumtípus: Cikk
Nyelv:magyar
Kulcsszavak:szemiotika, nyelvelmélet
LEADER 00319nab a2200109 c 4500
001 bibDOK00014721
005 20200924120944.9
008 060518s1967 hu hun
100 1 |a Csehi Gyula 
245 1 4 |a Egy divatos tudós: Claude Levi-Strauss  |c Csehi Gyula 
695 |a szemiotika, nyelvelmélet 
773 0 |t Korunk, 1967/7  |g 999-1003. p.